| 000 | 00828nam a22002417a 4500 | ||
|---|---|---|---|
| 003 | DO-SdBNP | ||
| 005 | 20221031134453.0 | ||
| 007 | ta | ||
| 008 | 221003b2005 dr d 00| 0 spa d | ||
| 040 |
_aDO-SdBNP _bspa _cBPMSU |
||
| 082 | 4 |
_a338.972 91 _bC962c 2005 _222 |
|
| 245 | 0 | 0 |
_aCuba - El Caribe y el post embargo / _c editora. Alejandra Liriano de la Cruz |
| 260 |
_aSanto Domingo : _bFLACSO, _c2005. |
||
| 300 |
_a510 p. : _bils. gráficos ; _c23 cm. |
||
| 500 | _aIncluye referencias bibliográficas y notas al pie de las páginas | ||
| 590 | _aInventariado, 2022/VM | ||
| 650 | 4 | _aEmbargo (Derecho internacional) | |
| 650 | 4 | _aSanciones económicas | |
| 651 |
_a Caribe (Region, Cuba ) _xCondiciones económicas _y1958 |
||
| 700 | 1 |
_a Liriano de la Cruz, Alejandra _eed. |
|
| 910 | _a VMateo V. /VM | ||
| 942 |
_2ddc _cBK |
||
| 999 |
_c14321 _d14321 |
||